| 000 | 00707cab a2200193 4500 | ||
|---|---|---|---|
| 001 | WB2722-24 | ||
| 008 | 090401t1991 xxu||||| |||| 00| 0 eng d | ||
| 035 | _a(Sirsi) u1890 | ||
| 041 | _aeng | ||
| 245 | _aRadon publicity campaign | ||
| 260 | _c1991 | ||
| 350 | _a0 | ||
| 490 |
_aDoE News Release _vno 348 4 June 1991 3 pages |
||
| 520 | _aThe Junior Environment Minister Tony Baldry has announced that the publicity campaign which he launched aimed at encouraging householders in Cornwall and Devon to take advantage of the Government funded free radon test has been a resounding success. | ||
| 650 | _aRADON GAS | ||
| 690 | _aENVIRONMENTAL AND LAND CONSULTANCY | ||
| 942 | _n0 | ||
| 948 | _c04/03/1997 | ||
| 999 |
_c1104 _d1104 |
||